000 00286nam a22001217a 4500
008 170922b xxu||||| |||| 00| 0 eng d
041 _aeng
080 _a37
100 _a46
101 _aARK
245 _aLANUAGE CHANGE AND LIGUISTIC RECOSTRUCTION
_cHOENIGSWALD,H.M
942 _2udc
_cBK
999 _c29025
_d29025